Language Quiz

Random Language Quiz

Itallian vocab Quiz Stats

Quiz not verified by Sporcle

Also try: Animal Expressions
Challenge
Share
Tweet
Embed
Score 0/150 Timer 20:00
0 Plays Today
Hint Answer % Correct
dialectil dialetto
50%
riteil rito
37.5%
fairla fiera
37.5%
legumes i legumi
37.5%
horseil cavallo
31.3%
concert il concerto
31.3%
cooked cotto
31.3%
freshfresco
31.3%
spicy piccante
31.3%
sandwich il panino
31.3%
artisanl'artigiano
25%
peasant, farmeril contadino
25%
gastronomy la gastronomia
25%
rustic rustico
25%
proverb il proverbio
25%
taste il gusto
25%
sweet dolce
25%
garlic l' aglio
25%
customs il costumi
18.8%
taste il sapore
18.8%
bandla banda
18.8%
imaginary irreale
18.8%
evil eyeil malocchio
18.8%
dressing il condimento
18.8%
costume il costume
12.5%
spiritlo spirito
12.5%
harmful/ evil malefico
12.5%
vegetable gardenl' orto
12.5%
fats i grassi
12.5%
forcela forza
12.5%
imperialism l' imperialismo
12.5%
invasion l' invasione
12.5%
nationalism il nazionalismo
12.5%
to kill uccidere
12.5%
violence la violenza
12.5%
patron saintil santo patrono
6.3%
parade la sfilata
6.3%
saying il detto
6.3%
moralla morale
6.3%
to provoke provocare
6.3%
amulet, charm il talismano
6.3%
to appear apparire
6.3%
sophisticated, refined raffinato
6.3%
onionla cipolla
6.3%
can (food)una scatoletta
6.3%
tube un tubo
6.3%
dictator il dittatore
6.3%
leader il duce
6.3%
army l' esercito
6.3%
liberty la liberta
6.3%
Hint Answer % Correct
prison la prigione
6.3%
to promulgate promulgare
6.3%
celebrationsi festeggiamenti
0%
event, performancela manifestazione
0%
occurrance la ricorrenza
0%
artisanal product il produtto atigianale
0%
customs l'usanza
0%
to erectallestire
0%
stall, booth la bancarella
0%
villageil borgo
0%
district la contrada
0%
tastingle desgustazione
0%
fireworksi fouchi d' artificio
0%
ridela giostra
0%
race, competitionla gara
0%
amusement park il luna park
0%
mask la maschera
0%
exhibit la mostra
0%
procession la processione
0%
village feastla sagra
0%
belief la cradenza
0%
destiny il destino
0%
fate il fato
0%
fable la favola
0%
fairy tale la fiaba
0%
influence l' influsso
0%
envy l' invidia
0%
wisdom la saggezza
0%
to wander about aggiarsi
0%
tarot card reader il cartomate
0%
haunted house la casa stregata
0%
palm readeril chiromante
0%
ghosts il fantasma
0%
to believe in ghosts credere nei fantasma
0%
spell la fattura
0%
fortuneteller l' indovino
0%
to read one's cards leggere le carte
0%
magician, wizzard il mago
0%
tarot cardsi tarocchi
0%
to bring good luckportare bene
0%
to bring bad luck portare male
0%
to touch iron toccare ferro
0%
to taste assaggiare
0%
gormet il buongustaio
0%
to grow coltivare
0%
course, dish la pietanza
0%
recipe la ricetta
0%
raw crudo
0%
natural, pure, unprocessed gennuino
0%
original, inventive innoativo
0%
Hint Answer % Correct
bland, tasteless insipido
0%
light leggero
0%
heavy pesante
0%
healthysano
0%
tasty saporito
0%
exquisite, delicious squisito
0%
seasonal stagionale
0%
processed trattato
0%
organic foodsgli alimenti biologici
0%
herbsle erbe
0%
fresh vegetables gli ortaggi freschi
0%
spicesle spezie
0%
to appreciate apprezzare
0%
wine listla carta dei vini
0%
gourmet food and wine l' engastronomia
0%
wine shop l' enoteca
0%
to enjoy gustare
0%
traditional restaurant la trattoria
0%
preservative il conservante
0%
microwave oven il forno a microonde
0%
large mixed salad l'insalatona
0%
mayonnaise la maionese
0%
unhealthy nocivo
0%
french fries le patatine fritte
0%
fast foodil pasto veloce
0%
mustard la senape
0%
frozen foodil surgelato
0%
self service restaurant la tavola calda
0%
jar un barattolo
0%
coneun cono
0%
dish una coppa
0%
baguna busta
0%
can (coke)una lattina
0%
package un pacchetto
0%
box una scatola
0%
plastic bag un sacchetto di carta
0%
small tubuna vaschetta
0%
small jarun vasetto
0%
ally l' alleato
0%
censorship la censura
0%
confinement il confesso
0%
consent il consenso
0%
civil rightsi diritti civili
0%
dictatorshipla dittatura
0%
loyal followers i fedeli seguaci
0%
opposition l' opposizione
0%
patriotism il patriottismo
0%
propaganda la propoganda
0%
supresssopprimere
0%
the press la stampa
0%

You're not logged in!

Compare scores with friends on all Sporcle quizzes.
Join for Free
OR
Log In

You Might Also Like...

Show Comments

Extras

Created Jan 13, 2015ReportNominate

Top Quizzes Today


Score Distribution

Your Account Isn't Verified!

In order to create a playlist on Sporcle, you need to verify the email address you used during registration. Go to your Sporcle Settings to finish the process.

Report this User

Report this user for behavior that violates our Community Guidelines.

Details: